Stranger Things Monsters - Statistics

General Stats
  • This quiz has been taken 494 times
  • The average score is 4 of 7
Answer Stats
First
Introduced
Answer % Correct
S1 Demogorgon
95%
S4 Vecna
94%
S2 Mind Flayer
92%
S2 Demodog
87%
S4 Demobat
57%
S3 Mind Flayer Physical Form
13%
S3 Tom-Bruce Monster
8%
No matching quizzes found
Score Distribution
Percent of People with Each Score
Percentile by Number Answered
Your Score History
You have not taken this quiz